احكام الزواج على المذاهب الاربعة : المسمى غاية المقصود لمن يتعاطى العقود

Bibliographic Details
Main Authors: ديربي, احمد بن عمر (Author), عطا, مصطفى عبد القادر (Author)
Format: Book
Published: Bayrut : Dar al-Kutub al-`Ilmiyah , 1986
Subjects:

MARC

LEADER 00000cam a2200000 7i4500
001 0000005557
005 20050207093000.0
008 021119s1986
090 0 0 |a K675   |b .D5 1986 
100 0 |a ديربي, احمد بن عمر ,   |e author 
241 0 0 |a Ahkam al-zawaj `ala al-madhahib al-arba`ah 
245 1 0 |a احكام الزواج على المذاهب الاربعة :   |b المسمى غاية المقصود لمن يتعاطى العقود   |c أبى العباس أحمد بن عمر الديربي الشافعى   |f دراسة وتحقيق مصطفى عبدالقادر عطا 
260 2 |a Bayrut :   |b Dar al-Kutub al-`Ilmiyah ,   |c 1986 
300 |a 206 p. ;   |c 24 cm. 
650 0 |a Marriage (Islamic law) 
700 1 |a عطا, مصطفى عبد القادر ,   |e author 
999 |a 1000035685   |b Book   |c OPEN SHELF (30 DAYS)   |e Gong Badak Campus 
999 |a 1000035686   |b Book   |c OPEN SHELF (30 DAYS)   |e Gong Badak Campus